Piazzamento della squadra ospitante agli Europei - Statistics

Statistiche generali
  • Questo quiz è stato fatto 6 volte
    2 dall'ultimo reset
  • Il punteggio medio è 9 su 19
Statistiche sulle risposte
Hint Risposta % Corretto
2012 Ucraina Fase a gironi
100%
2024 Germania Quarti di finale
100%
2004 Portogallo Secondo posto
100%
2016 Francia Secondo posto
100%
2000 Paesi Bassi Semifinale
100%
1964 Spagna Vincitore
100%
1968 Italia Vincitore
100%
2000 Belgio Fase a gironi
50%
2008 Austria Fase a gironi
50%
2008 Svizzera Fase a gironi
50%
2012 Polonia Fase a gironi
50%
1960 Francia Quarto posto
0%
1976 Jugoslavia Quarto posto
0%
1980 Italia Quarto posto
0%
1988 Germania Ovest Semifinale
0%
1992 Svezia Semifinale
0%
1996 Inghilterra Semifinale
0%
1972 Belgio Terzo posto
0%
1984 Francia Vincitore
0%
Nessun quiz corrispondente trovato
Distribuzione punteggi
Percentuale di utenti per punteggio
Percentile per numero di risposta
I tuoi punteggi nel tempo
Non hai fatto questo quiz dall'ultimo reset